=LDR 00000nam 2200000 4500 =001 INLIS000000000048069 =005 20200505080322 =035 ##$$a 0010-041600000000050 =008 200505################g##########0#ind## =020 ##$$a 978-979-25-4596-8 =040 ##$$a 2X9 =082 ##$$a 2x4.12 =090 ##$$a 297.77 =100 ##$$a Ma'a thi, Musthafa Abul =245 1#$$a Membimbing anak gemar shalat : $b Kiat praktis menjadikan shalat sebagai kegemaran anak /$c Musthafa Abul Ma'a thi =260 ##$$a Solo :$b Insan Kamil,$c 2008 =300 ##$$a 230 hlm. ; $c 21 x 14 cm =440 ##$$a 101 TIPS DAN IDE =850 ##$$a 2/304763 =084 ##$$a 2x4.12 Ma'a m =500 ##$$a Kaifa Nurrabi auladana alas shalah ( Amaliyah wa ilmiyah ) =650 #4$$a Membimbing- Shalat =990 ##$$a 20900434 =990 ##$$a 20900433 =990 ##$$a 0001/BPAP-NTB/20142014 =990 ##$$a 20900434 =990 ##$$a 20900433 =990 ##$$a 20900436 =990 ##$$a 20900434 =990 ##$$a 20900433 =990 ##$$a 00890089 =990 ##$$a 20900435 =990 ##$$a 20900434 =990 ##$$a 20900436 =990 ##$$a 20900433